Pays par images satellites n°4 - Statistiques

Statistiques générales
  • Ce quiz a été pris 13 722 fois
  • Le résultat moyen est 9 sur 16
Statistiques - réponses
Par images Réponse % Correct
Mexique
99%
Inde
97%
Suède
88%
Vatican
76%
Danemark
74%
Corée du Sud
60%
Taïwan
59%
Papouasie-Nouvelle- Guinée
57%
Suisse
53%
Costa Rica
48%
Nicaragua
43%
Trinité-et-Tobago
37%
Estonie
36%
Roumanie
19%
Azerbaïdjan
18%
Bolivie
15%
Aucun quiz correspondant
Distribution des résultats
% des personnes avec chaque résultat
Percentile par nombre de réponses
Votre historique - résultats
Vous n’avez pas pris ce quiz